Name a Top 5 Largest First-Level Subdivision by Country - Statistics

General Stats
  • This quiz has been taken 14 times
  • The average score is 8 of 15
Answer Stats
Country First-level subdivision % Correct
United States Alaska | Texas | California | Montana | New Mexico
100%
China Xinjiang | Tibet | Inner Mongolia | Qinghai | Sichuan
92%
Brazil Amazonas | Pará | Mato Grosso | Minas Gerais | Bahia
83%
Canada Nunavut | Quebec | North West Territories | Ontario | British Columbia | Alberta
83%
India Rajasthan | Madhya Pradesh | Maharashtra | Uttar Pradesh | Gujarat
83%
South Africa Northern Cape | Eastern Cape | Free State | Western Cape | Limpopo
58%
Mexico Chihuahua | Sonora | Coahuila de Zaragoza | Durango | Oaxaca
50%
Egypt New Valley | Matrouh | Red Sea | Aswan | Minya
50%
France Nouvelle Aquitaine | Occitania | Auvergne-Rhône-Alps | Greater-East | Burgundy-Free-County
50%
Somalia Somaliland | Puntland | Southwest State | Jubaland | Galmudug
50%
Indonesia Central Kalimantan | West Kalimantan | East Kalimantan | South Papua | Riau
33%
Norway Innlandet | Finnmark | Trööndelage | Nordland | Vestland
33%
Turkmenistan Balkan Province | Ahal Province | Lebap Province | Mary Province | Daşoguz Province
0%
Mongolia Ömnögovi | Govi-Altai | Dornod | Bayankhongor | Dornoghovi
0%
Democratic Republic of the Congo Tshopo | Bas-Uele | Tanganyika | Tshuapa | Haut-Kantaga
0%
No matching quizzes found
Score Distribution
Percent of People with Each Score
Percentile by Number Answered
Your Score History
You have not taken this quiz